000 00970nam a22003017a 4500
001 BR9301155
003 BR-BrBNA
005 20230928093832.0
007 ta
008 230509b bl.||||| |||| 00| 0 por d
040 _aBR-BrBNA
_bpor
_cBiblioteca Nacional de Agricultura
041 _a(Eng)
072 _aE71
_b0600
090 _ 0600 BR9301155
110 1 _aDepartamento Nacional de Desenvolvimento Rural e Cooperativismo, Brasilia, DF (Brasil). Programa de Apoio a Producao e Exportacao de Frutas
_93277
110 1 _aIICA, Brasilia, DF (Brasil)
_95552
245 1 _aFruits from Brazil. Fresh fruit production sector within the brazilian agricultural economy context
260 3 _aBrasilia, DF (Brasil):
_c1992.
300 _a30 p.
500 _a8 tables
650 _aFruta
650 _aEstatistica de Producao
650 _aConsumo
650 _aComercio Exterior
650 _aExportacao
909 _a202309
_bLucia
_c55
_dLucia Elande
942 _cBK
999 _c47395
_d47395